Những điều kỳ thú về các hình thái hỗn loạn Chaos

Sách đề cập đến những hình dáng, những "chuyển động" vẫn còn tồn tại trong thiên nhiên, những hình thái hỗn loạn, hay Chaos (những "chuyển động" không dự kiến được, vượt ra khỏi phạm vi điều hòa mà sách vở vẫn thường...

Volledige beschrijving

Bewaard in:
Bibliografische gegevens
Hoofdauteur: Nguyễn, Ngọc Giao
Formaat: Boek
Taal:Undetermined
Gepubliceerd in: Hà Nội Giáo dục 1998
Onderwerpen:
Tags: Voeg label toe
Geen labels, Wees de eerste die dit record labelt!
Thư viện lưu trữ: Trung tâm Học liệu Trường Đại học Cần Thơ
LEADER 00962nam a2200205Ia 4500
001 CTU_29579
008 210402s9999 xx 000 0 und d
020 |b 5.000đ 
082 |a 501.185 
082 |b Gi108 
100 |a Nguyễn, Ngọc Giao 
245 0 |a Những điều kỳ thú về các hình thái hỗn loạn Chaos 
245 0 |c Nguyễn Ngọc Giao 
260 |a Hà Nội 
260 |b Giáo dục 
260 |c 1998 
520 |a Sách đề cập đến những hình dáng, những "chuyển động" vẫn còn tồn tại trong thiên nhiên, những hình thái hỗn loạn, hay Chaos (những "chuyển động" không dự kiến được, vượt ra khỏi phạm vi điều hòa mà sách vở vẫn thường mô tả 
650 |a Chaotic behavior in systems,Physics 
904 |i Minh, Hải 
980 |a Trung tâm Học liệu Trường Đại học Cần Thơ